|
|
|
|
| LEADER |
01731nam a2200421 a 4500 |
| 001 |
EBC1184539 |
| 003 |
MiAaPQ |
| 005 |
20200520144314.0 |
| 006 |
m o d | |
| 007 |
cr cn||||||||| |
| 008 |
150303s2013 cauab sb 001 0 eng d |
| 020 |
|
|
|z 9780520272439
|
| 020 |
|
|
|a 9780520953611 (electronic bk.)
|
| 035 |
|
|
|a (MiAaPQ)EBC1184539
|
| 035 |
|
|
|a (Au-PeEL)EBL1184539
|
| 035 |
|
|
|a (CaPaEBR)ebr10698372
|
| 035 |
|
|
|a (CaONFJC)MIL486979
|
| 035 |
|
|
|a (OCoLC)844362766
|
| 040 |
|
|
|a MiAaPQ
|c MiAaPQ
|d MiAaPQ
|
| 043 |
|
|
|a a-ja---
|
| 050 |
|
4 |
|a HB3651
|b .D75 2013
|
| 082 |
0 |
4 |
|a 304.6/6809520903
|2 23
|
| 100 |
1 |
|
|a Drixler, Fabian Franz,
|d 1978-
|
| 245 |
1 |
0 |
|a Mabiki
|h [electronic resource] :
|b infanticide and population growth in eastern Japan, 1660-1950 /
|c Fabian Drixler.
|
| 260 |
|
|
|a Berkeley, Calif. :
|b University of California Press,
|c c2013.
|
| 300 |
|
|
|a 1 online resource (xvi, 417 p.) :
|b ill., maps, graphs.
|
| 490 |
1 |
|
|a Asia: Local Studies/Global Themes ;
|v 25
|
| 504 |
|
|
|a Includes bibliographical references and index.
|
| 533 |
|
|
|a Electronic reproduction. Ann Arbor, MI : ProQuest, 2015. Available via World Wide Web. Access may be limited to ProQuest affiliated libraries.
|
| 588 |
|
|
|a Description based on online resource; title from title page (ebrary, viewed May 24, 2013).
|
| 650 |
|
0 |
|a Fertility, human
|z Japan
|x History.
|
| 650 |
|
0 |
|a Infanticide
|z Japan
|x History.
|
| 651 |
|
0 |
|a Japan
|x Population
|x History.
|
| 651 |
|
0 |
|a Japan
|x Social life and customs
|y 1600-1868.
|
| 655 |
|
4 |
|a Electronic books.
|
| 710 |
2 |
|
|a ProQuest (Firm)
|
| 830 |
|
0 |
|a Asia--local studies/global themes ;
|v 25.
|
| 856 |
4 |
0 |
|u https://ebookcentral.proquest.com/lib/matrademy/detail.action?docID=1184539
|z Click to View
|